Statistiken für Länder mit den meisten Flugzeugunfälle

Klicken Sie hier um das Quiz zu spielen!

Allgemein

  • Dieses Quiz wurde 76 mal gespielt
  • Das Durchschnittsergebnis liegt bei 2 aus 5

Antwortstatistiken

UnfälleLand% Korrekt
530Russland
89%
183Brasilien
62%
189Kolumbien
26%
55Spanien
22%
860Vereinigten Staaten von Amerika
20%

Verteilung der Resultate

Perzentil nach korrekt beantworteten Fragen

Anzahl Personen mit jedem Resultat

Ihre Resultats-Entwicklung

Sie haben dieses Quiz noch nicht gespielt